Inseguridad, la gran amenaza continental /
Saved in:
| Main Author: | |
|---|---|
| Format: | Text |
| Tags: |
Add Tag
No Tags, Be the first to tag this record!
|
MARC
| LEADER | 00000 a a2200000 04500 | ||
|---|---|---|---|
| 001 | 13206 | ||
| 003 | |||
| 040 | |||
| 100 | |a Villalobos, Joaquín | ||
| 245 | |a Inseguridad, la gran amenaza continental / |c Joaquín Villalobos | ||
| 773 | |g número 16 invierno; páginas 29-32 | ||
| 999 | |c 19738 |d 19738 | ||
| 773 | 0 | |0 45439 |9 10484 |d Madrid, España : Universidad de Alcalá, |o 02986 |t Quorum : |x 9-771575-422702 | |
